Statistics for Random South America Map Quiz

Click here to take the quiz!

General Stats

  • This quiz has been taken 325 times
  • The average score is 5 of 6

Answers on the Map

Answers color-coded by a green-red scale on the quiz's map according to % correct below.
 

Answer Stats

Answer% Correct
Uruguay
100%
Brazil
96%
Argentina
93%
Paraguay
93%
Peru
92%
Chile
91%
Bolivia
88%
Colombia
88%
Falkland Islands (UK)
88%
French Guiana
87%
Venezuela
86%
Ecuador
79%
Suriname
79%
Guyana
78%

Score Distribution

Percentile by Number Answered

Percent of People with Each Score

Your Score History

You have not taken this quiz